Statistics for Western Palearctic birds (with families)

Click here to take the quiz!

General Stats

  • This quiz has been taken 9 times
  • The average score is 556 of 1049

Answer Stats

COMMON NAMEFAMILY% Correct
Arctic SkuaStercorariidae
100%
Arctic TernLaridae
100%
Baikal TealAnatidae
100%
Bald EagleAccipitridae
100%
Black-headed GullLaridae
100%
Black StorkCiconiidae
100%
BluethroatMuscicapidae
100%
Bonelli's EagleAccipitridae
100%
Caspian GullLaridae
100%
Common ChiffchaffPhylloscopidae
100%
Common FirecrestRegulidae
100%
Common KingfisherAlcedinidae
100%
Common RedstartMuscicapidae
100%
Common SwiftApidae
100%
DunnockPrunellidae
100%
European Bee-eaterMeropidae
100%
European NightjarCaprimulgidae
100%
Garden WarblerSylviidae
100%
GarganeyAnatidae
100%
Glossy IbisThreskiornithidae
100%
GoldcrestRegulidae
100%
Green-winged TealAnatidae
100%
Grey PartridgePhasianidae
100%
Grey PloverCharadriidae
100%
Kentish PloverCharadriidae
100%
Little AukAlcidae
100%
Little TernLaridae
100%
Long-tailed SkuaStercorariidae
100%
Madeira FirecrestRegulidae
100%
MallardAnatidae
100%
Pallid SwiftApidae
100%
Rock DoveColumbidae
100%
SmewAnatidae
100%
Tawny OwlStrigidae
100%
WhinchatMuscicapidae
100%
White StorkCiconiidae
100%
African Reed WarblerAcrocephalidae
80%
Alpine AccentorPrunellidae
80%
Alpine SwiftApidae
80%
American Black DuckAnatidae
80%
American CootRallidae
80%
American Golden PloverCharadriidae
80%
American Herring GullLaridae
80%
American WigeonAnatidae
80%
Armenian GullLaridae
80%
Atlantic PuffinAlcidae
80%
Audouin's GullLaridae
80%
Azure TitParidae
80%
Barbary PartridgePhasianidae
80%
Barnacle GooseAnatidae
80%
Belted KingfisherAlcedinidae
80%
Black-browed AlbatrossDiomedeidae
80%
Black GrousePhasianidae
80%
Black-legged KittiwakeLaridae
80%
Black RedstartMuscicapidae
80%
Black ScoterAnatidae
80%
Black TernLaridae
80%
Black-throated DiverGaviidae
80%
Black-winged StiltRecurvirostridae
80%
Blue-winged TealAnatidae
80%
Bohemian WaxwingBombycillidae
80%
Bolle's PigeonColumbidae
80%
Bonaparte's GullLaridae
80%
Brant GooseAnatidae
80%
Brown-headed GullLaridae
80%
California QuailOdontophoridae
80%
Canada GooseAnatidae
80%
Carrion CrowCorvidae
80%
Caspian TernLaridae
80%
Chukar PartridgePhasianidae
80%
Citrine WagtailMotacillidae
80%
Common BlackbirdTurdidae
80%
Common BuzzardAccipitridae
80%
Common CraneGruidae
80%
Common CuckooCuculidae
80%
Common EiderAnatidae
80%
Common Grasshopper WarblerLocustellidae
80%
Common KestrelFalconidae
80%
Common MerganserAnatidae
80%
Common MoorhenRallidae
80%
Common NightingaleMuscicapidae
80%
Common OstrichStruthionidae
80%
Common PheasantPhasianidae
80%
Common PochardAnatidae
80%
Common QuailPhasianidae
80%
Common Ringed PloverCharadriidae
80%
Common SandpiperScolopacidae
80%
Common ScoterAnatidae
80%
Common ShelduckAnatidae
80%
Common TernLaridae
80%
Common WhitethroatSylviidae
80%
Common Wood PigeonColumbidae
80%
Corn CrakeRallidae
80%
Corsican NuthatchSittidae
80%
Curlew SandpiperScolopacidae
80%
Cyprus WarblerSylviidae
80%
Desert OwlStrigidae
80%
Eastern Bonelli's WarblerPhylloscopidae
80%
Eastern Imperial EagleAccipitridae
80%
Egyptian GooseAnatidae
80%
Egyptian NightjarCaprimulgidae
80%
Elegant TernLaridae
80%
Eurasian BitternArdeidae
80%
Eurasian BlackcapSylviidae
80%
Eurasian Blue TitParidae
80%
Eurasian CootRallidae
80%
Eurasian CurlewScolopacidae
80%
Eurasian Eagle-OwlStrigidae
80%
Eurasian HoopoeUpupidae
80%
Eurasian JayCorvidae
80%
Eurasian MagpieCorvidae
80%
Eurasian NuthatchSittidae
80%
Eurasian Reed WarblerAcrocephalidae
80%
Eurasian SparrowhawkAccipitridae
80%
Eurasian TealAnatidae
80%
Eurasian WhimbrelScolopacidae
80%
Eurasian WigeonAnatidae
80%
Eurasian WrenTroglodytidae
80%
Eurasian WryneckPicidae
80%
European Crested TitParidae
80%
European Golden PloverCharadriidae
80%
European Green WoodpeckerPicidae
80%
European Herring GullLaridae
80%
European Pied FlycatcherMuscicapidae
80%
European RobinMuscicapidae
80%
European ShagPhalacrocorax
80%
European Storm PetrelHydrobatidae
80%
European Turtle DoveColumbidae
80%
Franklin's GullLaridae
80%
Fulvous Whistling DuckAnatidae
80%
GadwallAnatidae
80%
Glaucous GullLaridae
80%
Glaucous-winged GullLaridae
80%
Golden EagleAccipitridae
80%
Golden PheasantPhasianidae
80%
Great Black-backed GullLaridae
80%
Great BustardOtididae
80%
Great CormorantPhalacrocorax
80%
Greater FlamingoPhoenicopteridae
80%
Greater ScaupAnatidae
80%
Greater White-fronted GooseAnatidae
80%
Great Grey ShrikeLaniidae
80%
Great Northern DiverGaviidae
80%
Great SkuaStercorariidae
80%
Great Spotted WoodpeckerPicidae
80%
Great TitParidae
80%
Green SandpiperScolopacidae
80%
Grey-headed LapwingCharadriidae
80%
Grey HeronArdeidae
80%
Greylag GooseAnatidae
80%
Grey WagtailMotacillidae
80%
Griffon VultureAccipitridae
80%
House CrowCorvidae
80%
Iceland GullLaridae
80%
Indian RollerCoraciidae
80%
King EiderAnatidae
80%
Lady Amherst's PheasantPhasianidae
80%
Laurel PigeonColumbidae
80%
Leach's Storm PetrelHydrobatidae
80%
Lesser Black-backed GullLaridae
80%
Lesser FlamingoPhoenicopteridae
80%
Lesser Spotted WoodpeckerPicidae
80%
Lesser Whistling DuckAnatidae
80%
Lesser White-fronted GooseAnatidae
80%
Lesser WhitethroatSylviidae
80%
Little BitternArdeidae
80%
Little BustardOtididae
80%
Little OwlStrigidae
80%
Little Ringed PloverCharadriidae
80%
Little StintScolopacidae
80%
Long-eared OwlStrigidae
80%
Long-legged BuzzardAccipitridae
80%
Magnificent FrigatebirdFregatidae
80%
Mandarin DuckAnatidae
80%
Marsh SandpiperScolopacidae
80%
Marsh TitParidae
80%
Marsh WarblerAcrocephalidae
80%
Meadow PipitMotacillidae
80%
Mediterranean GullLaridae
80%
Mew GullLaridae
80%
Middle Spotted WoodpeckerPicidae
80%
Mute SwanAnatidae
80%
Namaqua DoveColumbidae
80%
Northern FulmarProcellariidae
80%
Northern GannetSulidae
80%
Northern GoshawkAccipitridae
80%
Northern LapwingCharadriidae
80%
Northern PintailAnatidae
80%
Northern ShovelerAnatidae
80%
Nubian NightjarCaprimulgidae
80%
Pacific DiverGaviidae
80%
Peregrine FalconFalconidae
80%
Pink-footed GooseAnatidae
80%
Pomarine SkuaStercorariidae
80%
Purple GallinuleRallidae
80%
Purple SandpiperScolopacidae
80%
Red-backed ShrikeLaniidae
80%
Red-breasted MerganserAnatidae
80%
Red-crested PochardAnatidae
80%
Red-footed FalconFalconidae
80%
Red-knobbed CootRallidae
80%
Red-legged PartridgePhasianidae
80%
Red-necked NightjarCaprimulgidae
80%
Red-throated DiverGaviidae
80%
River WarblerLocustellidae
80%
Rock PartridgePhasianidae
80%
RookCorvidae
80%
Roseate TernLaridae
80%
Rough-legged BuzzardAccipitridae
80%
Royal TernLaridae
80%
Ruddy DuckAnatidae
80%
Ruddy ShelduckAnatidae
80%
RuffScolopacidae
80%
Sandhill CraneGruidae
80%
Sand PartridgePhasianidae
80%
Sardinian WarblerSylviidae
80%
Semipalmated PloverCharadriidae
80%
Semipalmated SandpiperScolopacidae
80%
Short-eared OwlStrigidae
80%
Snow GooseAnatidae
80%
Spectacled EiderAnatidae
80%
Spotted CrakeRallidae
80%
Spotted FlycatcherMuscicapidae
80%
Spur-winged LapwingCharadriidae
80%
Squacco HeronArdeidae
80%
Steller's EiderAnatidae
80%
Steppe EagleAccipitridae
80%
Stock DoveColumbidae
80%
Syrian WoodpeckerPicidae
80%
Taiga Bean GooseAnatidae
80%
Temminck's StintScolopacidae
80%
Thrush NightingaleMuscicapidae
80%
Tundra Bean GooseAnatidae
80%
Tundra SwanAnatidae
80%
Velvet ScoterAnatidae
80%
Water PipitMotacillidae
80%
Water RailRallidae
80%
Western Bonelli's WarblerPhylloscopidae
80%
Western Marsh HarrierAccipitridae
80%
Western OspreyPandionidae
80%
White-backed WoodpeckerPicidae
80%
White-billed DiverGaviidae
80%
White-eyed GullLaridae
80%
White-headed DuckAnatidae
80%
White-tailed EagleAccipitridae
80%
White WagtailMotacillidae
80%
Whooper SwanAnatidae
80%
Willow TitParidae
80%
Willow WarblerPhylloscopidae
80%
Wood DuckAnatidae
80%
Wood SandpiperScolopacidae
80%
Wood WarblerPhylloscopidae
80%
Yellow-browed WarblerPhylloscopidae
80%
YellowhammerEmberizidae
80%
Yellow-legged GullLaridae
80%
Zitting CisticolaCisticolidae
80%
African Blue TitParidae
60%
African Collared DoveColumbidae
60%
African DarterAnhingidae
60%
African Desert WarblerSylviidae
60%
African Green Bee-eaterMeropidae
60%
African Sacred IbisThreskiornithidae
60%
African SwamphenRallidae
60%
Aleutian TernLaridae
60%
Allen's GallinuleRallidae
60%
Alpine ChoughCorvidae
60%
American BitternArdeidae
60%
American RobinTurdidae
60%
American WoodcockScolopacidae
60%
Ancient MurreletAlcidae
60%
Aquatic WarblerAcrocephalidae
60%
Arabian BabblerLeiothrichidae
60%
Arabian BustardOtididae
60%
Arabian Green Bee-eaterMeropidae
60%
Arctic WarblerPhylloscopidae
60%
Ascension FrigatebirdFregatidae
60%
Asian Brown FlycatcherMuscicapidae
60%
Asian Desert WarblerSylviidae
60%
Atlantic Yellow-nosed AlbatrossDiomedeidae
60%
Atlas Pied FlycatcherMuscicapidae
60%
Baillon's CrakeRallidae
60%
Baird's SandpiperScolopacidae
60%
Balearic ShearwaterProcellariidae
60%
Balearic WarblerSylviidae
60%
Band-rumped Storm PetrelHydrobatidae
60%
Bar-headed GooseAnatidae
60%
Barrow's GoldeneyeAnatidae
60%
Bar-tailed GodwitScolopacidae
60%
Bearded ReedlingPanuridae
60%
Bearded VultureAccipitridae
60%
Black-bellied SandgrousePteroclidae
60%
Black-bellied Storm PetrelOceanitidae
60%
Black-billed CuckooCuculidae
60%
Black-crowned Night HeronArdeidae
60%
Black DrongoDicruridae
60%
Black FrancolinPhasianidae
60%
Black GuillemotAlcidae
60%
Black-headed HeronArdeidae
60%
Black KiteAccipitridae
60%
Black-necked GrebePodicipedidae
60%
Black SwanAnatidae
60%
Black-tailed GodwitScolopacidae
60%
Black-throated AccentorPrunellidae
60%
Black WheatearMuscicapidae
60%
Black-winged KiteAccipitridae
60%
Black-winged PratincoleGlareolidae
60%
Black WoodpeckerPicidae
60%
Blue-cheeked Bee-eaterMeropidae
60%
Booted EagleAccipitridae
60%
Booted WarblerAcrocephalidae
60%
Boreal OwlStrigidae
60%
BramblingFringillidae
60%
Bridled TernLaridae
60%
Broad-billed RollerCoraciidae
60%
Broad-billed SandpiperScolopacidae
60%
Brown BoobySulidae
60%
Brown Fish OwlStrigidae
60%
Brown-necked RavenCorvidae
60%
Brown ShrikeLaniidae
60%
Bruce's Green PigeonColumbidae
60%
Buff-breasted SandpiperScolopacidae
60%
BuffleheadAnatidae
60%
Bulwer's PetrelProcellariidae
60%
Cabot's TernLaridae
60%
Cackling GooseAnatidae
60%
Canary Islands ChiffchaffPhylloscopidae
60%
CanvasbackAnatidae
60%
Cape GannetSulidae
60%
Cape TealAnatidae
60%
Cape Verde SwiftApidae
60%
Caspian PloverCharadriidae
60%
Caucasian GrousePhasianidae
60%
Cedar WaxwingBombycillidae
60%
Chimney SwiftApidae
60%
Chinese Pond HeronArdeidae
60%
Cinereous VultureAccipitridae
60%
Coal TitParidae
60%
Collared FlycatcherMuscicapidae
60%
Collared PratincoleGlareolidae
60%
Common BulbulPycnonotidae
60%
Common ChaffinchFringillidae
60%
Common GoldeneyeAnatidae
60%
Common GreenshankScolopacidae
60%
Common MurreAlcidae
60%
Common NighthawkCaprimulgidae
60%
Common RedshankScolopacidae
60%
Common SnipeScolopacidae
60%
Common StarlingSturnidae
60%
Cory's ShearwaterProcellariidae
60%
Crab-ploverDromadidae
60%
Cream-colored CourserGlareolidae
60%
Crested Honey BuzzardAccipitridae
60%
Cyprus WheatearMuscicapidae
60%
Dalmatian PelicanPelecanidae
60%
Dark-sided FlycatcherMuscicapidae
60%
Dartford WarblerSylviidae
60%
Dead Sea SparrowPasseridae
60%
Demoiselle CraneGruidae
60%
Double-crested CormorantPhalacrocorax
60%
DunlinScolopacidae
60%
Dusky WarblerPhylloscopidae
60%
Dwarf BitternArdeidae
60%
Eastern Cattle EgretArdeidae
60%
Eastern Olivaceous WarblerAcrocephalidae
60%
Eastern Subalpine WarblerSylviidae
60%
Eastern Yellow WagtailMotacillidae
60%
Egyptian PloverPluvianidaee
60%
Egyptian VultureAccipitridae
60%
Eskimo CurlewScolopacidae
60%
Eurasian Collared DoveColumbidae
60%
Eurasian Golden OrioleOriolidae
60%
Eurasian HobbyFalconidae
60%
Eurasian OystercatcherHaematopodidae
60%
Eurasian Penduline TitRemizidae
60%
Eurasian Scops OwlStrigidae
60%
Eurasian SkylarkAlaudidae
60%
Eurasian SpoonbillThreskiornithidae
60%
Eurasian Stone-curlewBurhinidae
60%
Eurasian Three-toed WoodpeckerPicidae
60%
Eurasian WoodcockScolopacidae
60%
European Honey BuzzardAccipitridae
60%
European RollerCoraciidae
60%
European StonechatMuscicapidae
60%
Eversmann's RedstartMuscicapidae
60%
Falcated DuckAnatidae
60%
Fan-tailed RavenCorvidae
60%
Ferruginous DuckAnatidae
60%
Forster's TernLaridae
60%
Graceful PriniaCisticolidae
60%
Great Blue HeronArdeidae
60%
Great Crested GrebePodicipedidae
60%
Great EgretArdeidae
60%
Greater Crested TernLaridae
60%
Greater Painted-snipeRostratulidae
60%
Greater Spotted EagleAccipitridae
60%
Greater YellowlegsScolopacidae
60%
Great Grey OwlStrigidae
60%
Great KnotScolopacidae
60%
Great Reed WarblerAcrocephalidae
60%
Great ShearwaterProcellariidae
60%
Great SnipeScolopacidae
60%
Great White PelicanPelecanidae
60%
Greenish WarblerPhylloscopidae
60%
Green WarblerPhylloscopidae
60%
Grey-headed GullLaridae
60%
Grey-headed KingfisherAlcedinidae
60%
Grey-headed SwamphenRallidae
60%
Grey HypocoliusHypocoliidae
60%
Grey-tailed TattlerScolopacidae
60%
Gull-billed TernLaridae
60%
GyrfalconFalconidae
60%
Harlequin DuckAnatidae
60%
Hazel GrousePhasianidae
60%
Helmeted GuineafowlNumididae
60%
Hen HarrierAccipitridae
60%
Hooded CrowCorvidae
60%
Hooded MerganserAnatidae
60%
Hooded VultureAccipitridae
60%
Horned GrebePodicipedidae
60%
Houbara BustardOtididae
60%
House SparrowPasseridae
60%
Hudsonian GodwitScolopacidae
60%
Hudsonian WhimbrelScolopacidae
60%
Iberian ChiffchaffPhylloscopidae
60%
Iberian Green WoodpeckerPicidae
60%
Iberian Grey ShrikeLaniidae
60%
Iberian MagpieCorvidae
60%
Icterine WarblerAcrocephalidae
60%
Indian Pond HeronArdeidae
60%
Intermediate EgretArdeidae
60%
Isabelline WheatearMuscicapidae
60%
Italian SparrowPasseridae
60%
Ivory GullLaridae
60%
Jack SnipeScolopacidae
60%
Kelp GullLaridae
60%
Lanceolated WarblerLocustellidae
60%
Lappet-faced VultureAccipitridae
60%
Laughing DoveColumbidae
60%
Laughing GullLaridae
60%
Least BitternArdeidae
60%
Least SandpiperScolopacidae
60%
Least TernLaridae
60%
Lesser Crested TernLaridae
60%
Lesser Grey ShrikeLaniidae
60%
Lesser KestrelFalconidae
60%
Lesser MoorhenRallidae
60%
Lesser ScaupAnatidae
60%
Lesser Spotted EagleAccipitridae
60%
Lesser YellowlegsScolopacidae
60%
Levaillant's WoodpeckerPicidae
60%
Levant SparrowhawkAccipitridae
60%
Lichtenstein's SandgrousePteroclidae
60%
Little Blue HeronArdeidae
60%
Little CrakeRallidae
60%
Little CurlewScolopacidae
60%
Little EgretArdeidae
60%
Little GrebePodicipedidae
60%
Little GullLaridae
60%
Little SwiftApidae
60%
Long-billed DowitcherScolopacidae
60%
Long-tailed DuckAnatidae
60%
Long-tailed ShrikeLaniidae
60%
Long-tailed TitAegithalidae
60%
Long-toed StintScolopacidae
60%
Maghreb OwlStrigidae
60%
Manx ShearwaterProcellariidae
60%
Marabou StorkCiconiidae
60%
Marbled DuckAnatidae
60%
Marmora's WarblerSylviidae
60%
Marsh OwlStrigidae
60%
Masked BoobySulidae
60%
Masked ShrikeLaniidae
60%
Melodious WarblerAcrocephalidae
60%
MerlinFalconidae
60%
Mistle ThrushTurdidae
60%
Moltoni's WarblerSylviidae
60%
Monk ParakeetPsittacidae
60%
Montagu's HarrierAccipitridae
60%
Mourning DoveColumbidae
60%
Northern BobwhiteOdontophoridae
60%
Northern FlickerPicidae
60%
Northern HarrierAccipitridae
60%
Oriental CuckooCuculidae
60%
Oriental PloverCharadriidae
60%
Oriental PratincoleGlareolidae
60%
Oriental Reed WarblerAcrocephalidae
60%
Oriental Turtle DoveColumbidae
60%
Pacific Golden PloverCharadriidae
60%
Pacific SwiftApidae
60%
Pale Crag MartinHirundinidae
60%
Pale-legged Leaf WarblerPhylloscopidae
60%
Pallas's Grasshopper WarblerLocustellidae
60%
Pallas's GullLaridae
60%
Pallas's Leaf WarblerPhylloscopidae
60%
Pallas's SandgrousePteroclidae
60%
Pallid HarrierAccipitridae
60%
Pallid Scops OwlStrigidae
60%
Pectoral SandpiperScolopacidae
60%
Pharaoh Eagle-OwlStrigidae
60%
Pied AvocetRecurvirostridae
60%
Pied-billed GrebePodicipedidae
60%
Pied KingfisherAlcedinidae
60%
Pink-backed PelicanPelecanidae
60%
Pin-tailed SandgrousePteroclidae
60%
Pin-tailed SnipeScolopacidae
60%
Plain SwiftApidae
60%
Purple HeronArdeidae
60%
Pygmy CormorantPhalacrocorax
60%
Radde's AccentorPrunellidae
60%
Radde's WarblerPhylloscopidae
60%
RazorbillAlcidae
60%
Red-billed ChoughCorvidae
60%
Red-billed TealAnatidae
60%
Red-billed TropicbirdPhaethontidae
60%
Red-breasted FlycatcherMuscicapidae
60%
Red-breasted GooseAnatidae
60%
Red-flanked BluetailMuscicapidae
60%
Red-footed BoobySulidae
60%
RedheadAnatidae
60%
Red KiteAccipitridae
60%
Red KnotScolopacidae
60%
Red-necked GrebePodicipedidae
60%
Red-necked PhalaropeScolopacidae
60%
Red-necked StintScolopacidae
60%
Red PhalaropeScolopacidae
60%
Red-wattled LapwingCharadriidae
60%
Reed CormorantPhalacrocorax
60%
Relict GullLaridae
60%
Ring-billed GullLaridae
60%
Ring-necked DuckAnatidae
60%
Ring OuzelTurdidae
60%
Rock PtarmiganPhasianidae
60%
Rose-ringed ParakeetPsittaculidae
60%
Ross's GooseAnatidae
60%
Ross's GullLaridae
60%
Ruby-crowned KingletRegulidae
60%
Ruddy TurnstoneScolopacidae
60%
Rufous-tailed Scrub RobinMuscicapidae
60%
Rüppell's VultureAccipitridae
60%
Sabine's GullLaridae
60%
Saker FalconFalconidae
60%
SanderlingScolopacidae
60%
Sand MartinHirundinidae
60%
Sandwich TernLaridae
60%
Savi's WarblerLocustellidae
60%
Sedge WarblerAcrocephalidae
60%
See-see PartridgePhasianidae
60%
Semicollared FlycatcherMuscicapidae
60%
Senegal Thick-kneeBurhinidae
60%
Sharp-tailed SandpiperScolopacidae
60%
ShikraAccipitridae
60%
Short-billed DowitcherScolopacidae
60%
Shy AlbatrossDiomedeidae
60%
Siberian AccentorPrunellidae
60%
Siberian Blue RobinMuscicapidae
60%
Siberian CraneGruidae
60%
Siberian JayCorvidae
60%
Siberian RubythroatMuscicapidae
60%
Slaty-backed GullLaridae
60%
Slender-billed CurlewScolopacidae
60%
Slender-billed GullLaridae
60%
Snowy EgretArdeidae
60%
Sociable LapwingCharadriidae
60%
Sombre TitParidae
60%
Song ThrushTurdidae
60%
Sooty GullLaridae
60%
Sooty TernLaridae
60%
SoraRallidae
60%
Southern Giant PetrelProcellariidae
60%
Southern PochardAnatidae
60%
South Polar SkuaStercorariidae
60%
Spanish Imperial EagleAccipitridae
60%
Spectacled WarblerSylviidae
60%
Spotted RedshankScolopacidae
60%
Spotted SandgrousePteroclidae
60%
Spotted SandpiperScolopacidae
60%
Stejneger's ScoterAnatidae
60%
Streaked Scrub WarblerScotocercidae
60%
Surf ScoterAnatidae
60%
Swallow-tailed KiteAccipitridae
60%
Swinhoe's SnipeScolopacidae
60%
Swinhoe's Storm PetrelHydrobatidae
60%
Sykes's WarblerAcrocephalidae
60%
Taiga FlycatcherMuscicapidae
60%
Tawny EagleAccipitridae
60%
Tawny PipitMotacillidae
60%
Terek SandpiperScolopacidae
60%
Thick-billed MurreAlcidae
60%
Three-banded PloverCharadriidae
60%
Tree PipitMotacillidae
60%
Tricolored HeronArdeidae
60%
Tristram's WarblerSylviidae
60%
Trocaz PigeonColumbidae
60%
Tufted DuckAnatidae
60%
Tufted PuffinAlcidae
60%
TwiteFringillidae
60%
Two-barred WarblerPhylloscopidae
60%
Ural OwlStrigidae
60%
Verreaux's EagleAccipitridae
60%
Von Schrenck's BitternArdeidae
60%
West African Crested TernLaridae
60%
Western Barn OwlTytonidae
60%
Western CapercailliePhasianidae
60%
Western Cattle EgretArdeidae
60%
Western Olivaceous WarblerAcrocephalidae
60%
Western Orphean WarblerSylviidae
60%
Western SandpiperScolopacidae
60%
Western Subalpine WarblerSylviidae
60%
Western SwamphenRallidae
60%
Western Yellow WagtailMotacillidae
60%
Whiskered TernLaridae
60%
White-breasted WaterhenRallidae
60%
White-cheeked TernLaridae
60%
White-faced Storm PetrelOceanitidae
60%
White-rumped SandpiperScolopacidae
60%
White-rumped SwiftApidae
60%
White-tailed LapwingCharadriidae
60%
White-tailed TropicbirdPhaethontidae
60%
White-throated Bee-eaterMeropidae
60%
White-throated DipperCinclidae
60%
White-throated KingfisherAlcedinidae
60%
White-throated NeedletailApidae
60%
White-winged ScoterAnatidae
60%
White-winged TernLaridae
60%
WilletScolopacidae
60%
Willow PtarmiganPhasianidae
60%
Wilson's PhalaropeScolopacidae
60%
Wilson's Storm PetrelOceanitidae
60%
Woodchat ShrikeLaniidae
60%
WoodlarkAlaudidae
60%
Yellow-bellied SapsuckerPicidae
60%
Yellow-billed CuckooCuculidae
60%
Yellow-billed StorkCiconiidae
60%
Yellow BitternArdeidae
60%
Yellow-crowned Night HeronArdeidae
60%
Abyssinian RollerCoraciidae
40%
Acadian FlycatcherTyrannidae
40%
African CrakeRallidae
40%
African Fish EagleAccipitridae
40%
African OpenbillCiconiidae
40%
African Pied WagtailMotacillidae
40%
African SkimmerLaridae
40%
Alder FlycatcherTyrannidae
40%
Alexandrine ParakeetPsittaculidae
40%
Algerian NuthatchSittidae
40%
American Cliff SwallowHirundinidae
40%
American KestrelFalconidae
40%
Amur FalconFalconidae
40%
Arabian WarblerSylviidae
40%
Arctic RedpollFringillidae
40%
Asian House MartinHirundinidae
40%
Atlantic PetrelProcellariidae
40%
Atlas WheatearMuscicapidae
40%
Audubon's ShearwaterProcellariidae
40%
Barn SwallowHirundinidae
40%
Barolo ShearwaterProcellariidae
40%
Barred WarblerSylviidae
40%
Basra Reed WarblerAcrocephalidae
40%
BateleurAccipitridae
40%
Bermuda PetrelProcellariidae
40%
Berthelot's PipitMotacillidae
40%
Black-capped PetrelProcellariidae
40%
Black-headed LapwingCharadriidae
40%
Black LarkAlaudidae
40%
Black Scrub RobinMuscicapidae
40%
BlackstartMuscicapidae
40%
Black-throated ThrushTurdidae
40%
Blue-naped MousebirdColiidae
40%
Blue Rock ThrushMuscicapidae
40%
Blyth's Reed WarblerAcrocephalidae
40%
BobolinkIcteridae
40%
Boyd's ShearwaterProcellariidae
40%
Brown NoddyLaridae
40%
Brown-throated MartinHirundinidae
40%
Buff-bellied PipitMotacillidae
40%
Canary Islands StonechatMuscicapidae
40%
Cape PetrelProcellariidae
40%
Cape Verde BuzzardAccipitridae
40%
Caspian SnowcockPhasianidae
40%
Caucasian SnowcockPhasianidae
40%
Cetti's WarblerCettiidae
40%
Chestnut-bellied SandgrousePteroclidae
40%
Cinereous BuntingEmberizidae
40%
Cinnamon TealAnatidae
40%
Cirl BuntingEmberizidae
40%
Citril FinchFringillidae
40%
Common GrackleIcteridae
40%
Common House MartinHirundinidae
40%
Common LinnetFringillidae
40%
Common RedpollFringillidae
40%
Common Reed BuntingEmberizidae
40%
Common RosefinchFringillidae
40%
Corn BuntingEmberizidae
40%
Cotton Pygmy GooseAnatidae
40%
Crested AukletAlcidae
40%
Crested LarkAlaudidae
40%
Cyprus Scops OwlStrigidae
40%
Dark Chanting GoshawkAccipitridae
40%
Daurian JackdawCorvidae
40%
Daurian RedstartMuscicapidae
40%
Desert SparrowPasseridae
40%
Desert WheatearMuscicapidae
40%
DickcisselCardinalidae
40%
Diederik CuckooCuculidae
40%
Dupont's LarkAlaudidae
40%
Eastern KingbirdTyrannidae
40%
Eastern Orphean WarblerSylviidae
40%
Eastern PhoebeTyrannidae
40%
Eastern Rock NuthatchSittidae
40%
Eastern Wood PeweeTyrannidae
40%
Eleonora's FalconFalconidae
40%
Ethiopian SwallowHirundinidae
40%
Eurasian BullfinchFringillidae
40%
Eurasian Crag MartinHirundinidae
40%
Eurasian DotterelCharadriidae
40%
Eurasian Pygmy OwlStrigidae
40%
Eurasian TreecreeperCerthiidae
40%
Eurasian Tree SparrowPasseridae
40%
European GoldfinchFringillidae
40%
European Rock PipitMotacillidae
40%
Fea's PetrelProcellariidae
40%
FieldfareTurdidae
40%
Forest WagtailMotacillidae
40%
Fulvous BabblerLeiothrichidae
40%
Goliath HeronArdeidae
40%
Gran Canaria Blue ChaffinchFringillidae
40%
Gray's Grasshopper WarblerLocustellidae
40%
Great AukAlcidae
40%
Greater Hoopoe-LarkAlaudidae
40%
Greater Sand PloverCharadriidae
40%
Greater Short-toed LarkAlaudidae
40%
Great Spotted CuckooCuculidae
40%
Green HeronArdeidae
40%
Grey-cheeked ThrushTurdidae
40%
Grey-headed ChickadeeParidae
40%
Grey-headed WoodpeckerPicidae
40%
Grey-throated MartinHirundinidae
40%
HawfinchFringillidae
40%
Hermit ThrushTurdidae
40%
Horned LarkAlaudidae
40%
House BuntingEmberizidae
40%
Hume's Leaf WarblerPhylloscopidae
40%
Iraq BabblerLeiothrichidae
40%
Isabelline ShrikeLaniidae
40%
KilldeerCharadriidae
40%
Kittlitz's PloverCharadriidae
40%
Krüper's NuthatchSittidae
40%
Lanner FalconFalconidae
40%
Least FlycatcherTyrannidae
40%
Lesser FrigatebirdFregatidae
40%
Lesser RedpollFringillidae
40%
Lesser Sand PloverCharadriidae
40%
Long-billed MurreletAlcidae
40%
Long-billed PipitMotacillidae
40%
Macqueen's BustardOtididae
40%
Maghreb MagpieCorvidae
40%
Mediterranean FlycatcherMuscicapidae
40%
Mediterranean Short-toed LarkAlaudidae
40%
Menetries's WarblerSylviidae
40%
Monteiro's Storm PetrelHydrobatidae
40%
Mountain ChiffchaffPhylloscopidae
40%
Mourning WheatearMuscicapidae
40%
Moussier's RedstartMuscicapidae
40%
Muscovy DuckAnatidae
40%
Northern Bald IbisThreskiornithidae
40%
Northern Hawk-OwlStrigidae
40%
Northern RavenCorvidae
40%
Northern ShrikeLaniidae
40%
Northern WheatearMuscicapidae
40%
Olive-backed PipitMotacillidae
40%
Olive-tree WarblerAcrocephalidae
40%
Ortolan BuntingEmberizidae
40%
Paddyfield WarblerAcrocephalidae
40%
Palestine SunbirdNectariniidae
40%
Pallas's Fish EagleAccipitridae
40%
Parakeet AukletAlcidae
40%
Parrot CrossbillFringillidae
40%
Pechora PipitMotacillidae
40%
Persian ShearwaterProcellariidae
40%
Philadelphia VireoVireonidae
40%
Pied CrowCorvidae
40%
Pied WheatearMuscicapidae
40%
Purple MartinHirundinidae
40%
Raso LarkAlaudidae
40%
Red-breasted NuthatchSittidae
40%
Red-eyed VireoVireonidae
40%
Red-rumped SwallowHirundinidae
40%
Red-tailed ShrikeLaniidae
40%
Red-throated PipitMotacillidae
40%
Red-throated ThrushTurdidae
40%
RedwingTurdidae
40%
Reeves's PheasantPhasianidae
40%
Richard's PipitMotacillidae
40%
Rosy StarlingSturnidae
40%
Rufous-tailed RobinMuscicapidae
40%
Rüppell's WarblerSylviidae
40%
Saunders's TernLaridae
40%
Savannah SparrowPasserellidae
40%
Scopoli's ShearwaterProcellariidae
40%
Scottish CrossbillFringillidae
40%
Senegal CoucalCuculidae
40%
Short-toed Snake EagleAccipitridae
40%
Short-toed TreecreeperCerthiidae
40%
Snow BuntingCalcariidae
40%
Snowy OwlStrigidae
40%
Soft-plumaged PetrelProcellariidae
40%
Solitary SandpiperScolopacidae
40%
Sooty FalconFalconidae
40%
Sooty ShearwaterProcellariidae
40%
Spanish SparrowPasseridae
40%
Spotless StarlingSturnidae
40%
Spotted NutcrackerCorvidae
40%
Spur-winged GooseAnatidae
40%
Stilt SandpiperScolopacidae
40%
Streaked ShearwaterProcellariidae
40%
Striated HeronArdeidae
40%
Striped CrakeRallidae
40%
Sulphur-bellied WarblerPhylloscopidae
40%
Swainson's ThrushTurdidae
40%
Temminck's LarkAlaudidae
40%
Tenerife Blue ChaffinchFringillidae
40%
Thekla's LarkAlaudidae
40%
Thick-billed LarkAlaudidae
40%
Thick-billed WarblerAcrocephalidae
40%
Tree SwallowHirundinidae
40%
Tristan AlbatrossDiomedeidae
40%
Tropical ShearwaterProcellariidae
40%
Turkestan Short-toed LarkAlaudidae
40%
Upcher's WarblerAcrocephalidae
40%
Upland SandpiperScolopacidae
40%
VeeryTurdidae
40%
Vega GullLaridae
40%
Wahlberg's EagleAccipitridae
40%
WallcreeperTichodromidae
40%
Western JackdawCorvidae
40%
Western Reef HeronArdeidae
40%
Western Rock NuthatchSittidae
40%
White-backed VultureAccipitridae
40%
White-crowned WheatearMuscicapidae
40%
White-eared BulbulPycnonotidae
40%
White-eyed VireoVireonidae
40%
White-spectacled BulbulPycnonotidae
40%
White-throated RobinMuscicapidae
40%
White-winged LarkAlaudidae
40%
Wilson's SnipeScolopacidae
40%
Wood ThrushTurdidae
40%
Yelkouan ShearwaterProcellariidae
40%
Yellow-bellied FlycatcherTyrannidae
40%
Yellow-billed KiteAccipitridae
40%
Yellow-eyed PigeonColumbidae
40%
Yellow-throated VireoVireonidae
40%
Zino's PetrelProcellariidae
40%
African Crimson-winged FinchFringillidae
20%
African Grey WoodpeckerPicidae
20%
African SilverbillEstrildidae
20%
American RedstartParulidae
20%
American Tree SparrowPasserellidae
20%
American Yellow WarblerParulidae
20%
Ashy DrongoDicruridae
20%
Asian Crimson-winged FinchFringillidae
20%
Atlantic CanaryFringillidae
20%
Azores BullfinchFringillidae
20%
Baltimore OrioleIcteridae
20%
Bank MynaSturnidae
20%
Bar-tailed LarkAlaudidae
20%
Bay-breasted WarblerParulidae
20%
Bimaculated LarkAlaudidae
20%
Black-and-white WarblerParulidae
20%
Blackburnian WarblerParulidae
20%
Black-crowned Sparrow-LarkAlaudidae
20%
Black-crowned TchagraMalaconotidae
20%
Black-headed BuntingEmberizidae
20%
Black-headed WeaverPloceidae
20%
Black HeronArdeidae
20%
Blackpoll WarblerParulidae
20%
Black-rumped WaxbillEstrildidae
20%
Black-throated Blue WarblerParulidae
20%
Black-throated Green WarblerParulidae
20%
Blue GrosbeakCardinalidae
20%
Blue-winged WarblerParulidae
20%
Blyth's PipitMotacillidae
20%
Brown ThrasherMimidae
20%
Calandra LarkAlaudidae
20%
Canada WarblerParulidae
20%
Cape May WarblerParulidae
20%
Cape Verde Storm PetrelHydrobatidae
20%
Caspian TitParidae
20%
Cerulean WarblerParulidae
20%
Chestnut-eared BuntingEmberizidae
20%
Chestnut-headed Sparrow-LarkAlaudidae
20%
Chestnut-sided WarblerParulidae
20%
Common ButtonquailTurnicidae
20%
Common MynaSturnidae
20%
Common Rock ThrushMuscicapidae
20%
Common WaxbillEstrildidae
20%
Common YellowthroatParulidae
20%
Connecticut WarblerParulidae
20%
Corsican FinchFringillidae
20%
Cretzschmar's BuntingEmberizidae
20%
Cricket WarblerCisticolidae
20%
Crowned SandgrousePteroclidae
20%
Dark-eyed JuncoPasserellidae
20%
Desertas PetrelProcellariidae
20%
Desert FinchFringillidae
20%
Desert LarkAlaudidae
20%
Double-spurred SpurfowlPhasianidae
20%
Dunn's LarkAlaudidae
20%
Dusky ThrushTurdidae
20%
Eastern Black-eared WheatearMuscicapidae
20%
Eastern Crowned WarblerPhylloscopidae
20%
Erckel's SpurfowlPhasianidae
20%
Eurasian SiskinFringillidae
20%
European GreenfinchFringillidae
20%
Evening GrosbeakFringillidae
20%
Finsch's WheatearMuscicapidae
20%
Flesh-footed ShearwaterProcellariidae
20%
Gabar GoshawkAccipitridae
20%
Golden NightjarCaprimulgidae
20%
Golden-winged WarblerParulidae
20%
Great RosefinchFringillidae
20%
Grey CatbirdMimidae
20%
Güldenstädt's RedstartMuscicapidae
20%
Hooded WarblerParulidae
20%
Hooded WheatearMuscicapidae
20%
Hume's Short-toed LarkAlaudidae
20%
Hume's WhitethroatSylviidae
20%
Iago SparrowPasseridae
20%
Indian SilverbillEstrildidae
20%
Indigo BuntingCardinalidae
20%
Jacobin CuckooCuculidae
20%
Jouanin's PetrelProcellariidae
20%
Kurdish WheatearMuscicapidae
20%
Lapland LongspurCalcariidae
20%
Lincoln's SparrowPasserellidae
20%
Magnolia WarblerParulidae
20%
Moustached WarblerAcrocephalidae
20%
Myrtle WarblerParulidae
20%
Nanday ParakeetPsittacidae
20%
Naumann's ThrushTurdidae
20%
Nile Valley SunbirdNectariniidae
20%
Northern MockingbirdMimidae
20%
Northern ParulaParulidae
20%
Northern WaterthrushParulidae
20%
Nubian BustardOtididae
20%
Oriental SkylarkAlaudidae
20%
OvenbirdParulidae
20%
Pale MartinHirundinidae
20%
Pallas's Reed BuntingEmberizidae
20%
Pied Bush ChatMuscicapidae
20%
Pine BuntingEmberizidae
20%
Pine GrosbeakFringillidae
20%
Pin-tailed WhydahViduidae
20%
Plain Leaf WarblerPhylloscopidae
20%
Prairie WarblerParulidae
20%
Prothonotary WarblerParulidae
20%
Purple SunbirdNectariniidae
20%
Red AvadavatEstrildidae
20%
Red-billed FirefinchEstrildidae
20%
Red-billed LeiothrixLeiothrichidae
20%
Red CrossbillFringillidae
20%
Red Fox SparrowPasserellidae
20%
Red-headed BuntingEmberizidae
20%
Red-rumped WheatearMuscicapidae
20%
Red-tailed WheatearMuscicapidae
20%
Red-vented BulbulPycnonotidae
20%
Red-whiskered BulbulPycnonotidae
20%
Red-winged BlackbirdIcteridae
20%
Rock BuntingEmberizidae
20%
Rock SparrowPasseridae
20%
Rose-breasted GrosbeakCardinalidae
20%
Rüppell's WeaverPloceidae
20%
Scarlet TanagerCardinalidae
20%
Short-tailed ShearwaterProcellariidae
20%
Siberian StonechatMuscicapidae
20%
Sinai RosefinchFringillidae
20%
Song SparrowPasserellidae
20%
Stejneger's StonechatMuscicapidae
20%
Streak-throated SwallowHirundinidae
20%
Striolated BuntingEmberizidae
20%
Sudan Golden SparrowPasseridae
20%
Summer TanagerCardinalidae
20%
Syrian SerinFringillidae
20%
Tennessee WarblerParulidae
20%
Tristram's StarlingSturnidae
20%
Trumpeter FinchFringillidae
20%
Two-barred CrossbillFringillidae
20%
Varied ThrushTurdidae
20%
Village WeaverPloceidae
20%
Vinous-throated ParrotbillParadoxornithidae
20%
Western Black-eared WheatearMuscicapidae
20%
Western KingbirdTyrannidae
20%
White-breasted CormorantPhalacrocorax
20%
White-crowned SparrowPasserellidae
20%
White's ThrushTurdidae
20%
White-throated SparrowPasserellidae
20%
White-winged SnowfinchPasseridae
20%
Wilson's WarblerParulidae
20%
Yellow-breasted BuntingEmberizidae
20%
Yellow-crowned BishopPloceidae
20%
Yellow-headed BlackbirdIcteridae
20%
Yellow-throated SparrowPasseridae
20%
Yellow-throated WarblerParulidae
20%
Afghan BabblerLeiothrichidae
0%
Anteater ChatMuscicapidae
0%
Ashy-throated ParrotbillParadoxornithidae
0%
Asian KoelCuculidae
0%
Banded MartinHirundinidae
0%
Bay-backed ShrikeLaniidae
0%
Black-faced BuntingEmberizidae
0%
Brown-headed CowbirdIcteridae
0%
Cape Verde ShearwaterProcellariidae
0%
Cape Verde WarblerAcrocephalidae
0%
Chestnut BuntingEmberizidae
0%
Clamorous Reed WarblerAcrocephalidae
0%
Crested MynaSturnidae
0%
Daurian StarlingSturnidae
0%
Eastern TowheePasserellidae
0%
European SerinFringillidae
0%
Eyebrowed ThrushTurdidae
0%
Grey-necked BuntingEmberizidae
0%
Hume's WheatearMuscicapidae
0%
Knob-billed DuckAnatidae
0%
Lark SparrowPasserellidae
0%
Little BuntingEmberizidae
0%
Long-tailed RosefinchFringillidae
0%
Maghreb LarkAlaudidae
0%
Mongolian FinchFringillidae
0%
Mourning Collared DoveColumbidae
0%
Mugimaki FlycatcherMuscicapidae
0%
Orange-cheeked WaxbillEstrildidae
0%
Pale RockfinchPasseridae
0%
Pallas's RosefinchFringillidae
0%
Palm WarblerParulidae
0%
Preuss's Cliff SwallowHirundinidae
0%
Pygmy SunbirdNectariniidae
0%
Red-fronted SerinFringillidae
0%
Red-masked ParakeetPsittacidae
0%
Rustic BuntingEmberizidae
0%
Scaly-breasted MuniaEstrildidae
0%
Siberian ThrushTurdidae
0%
Socotra CormorantPhalacrocorax
0%
Speckled PigeonColumbidae
0%
Streaked WeaverPloceidae
0%
Tickell's ThrushTurdidae
0%
Trindade PetrelProcellariidae
0%
Variable WheatearMuscicapidae
0%
Vinous-breasted StarlingSturnidae
0%
White-chinned PetrelProcellariidae
0%
Yellow-browed BuntingEmberizidae
0%

Score Distribution

Percentile by Number Answered

Percent of People with Each Score

Your Score History

You have not taken this quiz